| 000 | 00382nam a22001577a 4500 | ||
|---|---|---|---|
| 003 | SGT | ||
| 020 | _a9789350252420 | ||
| 082 | _a617.64 O11P | ||
| 100 | _aPhulari, Basavaraj Subhashchandra | ||
| 245 | _aOrthodontics: Principles and practice | ||
| 250 | _a1st | ||
| 260 |
_aNew Delhi, India _bJaypee Brothers _c2011 |
||
| 300 | _a674 | ||
| 653 | _aOrthodontics | ||
| 942 |
_2ddc _cBK |
||
| 999 |
_c22673 _d22673 |
||